| 000 | 01023nam a22003137a 4500 | ||
|---|---|---|---|
| 001 | 1041 | ||
| 003 | DO-SdBNP | ||
| 005 | 20161028113024.0 | ||
| 007 | 1041 | ||
| 008 | 161028b 1989 sp |||| 00| 0 spa d | ||
| 020 | _a8420733857 | ||
| 040 |
_aBPMSU _bspa _cBPMSU |
||
| 082 |
_a823.6 _bS545f 1989 |
||
| 100 |
_aShelley, Mary Wollstonecraft, _d1797-1851. |
||
| 245 |
_aFrankenstein / _cMary Shelley.; traducción y notas María Engracia Pujals ; ilustración Miguel Rodríguez Cerro |
||
| 250 | _a4a. ed. | ||
| 260 |
_aMadrid : _bGrupo Anaya, _c1989 |
||
| 300 |
_a238 p. ; _c21 cm. |
||
| 490 |
_aTus libras ; _aintegra, _v24 |
||
| 500 | _aBibliografía : p. 238 | ||
| 500 | _aIncluye notas al pie de las páginas | ||
| 650 | _aNOVELA JUVENIL INGLESA | ||
| 650 | _aLITERATURA JUVENIL INGLESA | ||
| 700 |
_aPujals, María Engracia _etraducción |
||
| 700 |
_aRodríguez Cerro, Miguel _eilustraciones |
||
| 830 |
_aTus libros, _pIntegra _v24 |
||
| 942 |
_2ddc _cBK |
||
| 956 |
_aVMATEO _b10 _c20161028 _dBPMSU _f0069 |
||
| 999 |
_c11720 _d11720 |
||